000 00727nam a22002292 4500
001 0000020937
005 20151217152225.0
008 111130s xx 000 0 eng d
020 _a1412950800 :
040 _aKABU
_cKABU
100 1 _aAlexander, Rudolph.
_@0000181629
245 1 0 _aHuman behavior in the social environment :
_ba macro, national, and international perspective /
_cRudolph Alexander.
250 _a1st ed.
260 _aLos Angeles :
_bSage,
_c2010.
300 _axiii, 415 p.
650 0 _aSocial service.
_@0000168021
650 0 _aSocial problems.
_@0000048227
650 0 _aSociology.
_@0000099021
852 1 _9p9566 kES
908 _a111130
950 _@1
999 _c9551
_d9551